02124cam a2200445 a 45000010009000000050017000090080041000260100017000670150019000840160018001030160020001210200031001410200028001720350024002000350021002240400059002450430012003040500022003160600015003380600026003530820023003791000039004022450157004412600039005983000028006375040066006655050307007316500057010386500038010956500050011336500075011836500044012586500077013026500042013798560083014219060045015049420012015499990019015619520098015801493747520250328104151.0070723s2008 ctu b 001 0 eng  a 2007030213 aGBA7616192bnb7 a0138107902Uk7 a1014632842DNLM a9780275999186 (alk. paper) a0275999181 (alk. paper) a(OCoLC)ocn163616556 a(OCoLC)163616556 aDLCcDLCdUKMdBAKERdBTCTAdYDXCPdC#PdWULdNLMdDLC an-us---00aKF3821b.S33 200800a2008 A-28610aWB 33 AA1bS298u 200800a344.73041222bSCH1 aSchaller, Barry R.,d1938-912859610aUnderstanding bioethics and the law :bthe promises and perils of the brave new world of biotechnology /cBarry R. Schaller ; foreword by Todd Brewster. aWestport, Conn. :bPraeger,c2008. axviii, 241 p. ;c25 cm. aIncludes bibliographical references (p. [227]-229) and index.0 aThe context of bioethics, law, and society -- The legal landscape of human research litigation -- Better off dead? can judges be metaphysicians? -- Body parts : allocating organs -- Stem cells : promise and politics -- Boundaries at the end of life : the strange case of Terri Schiavo -- New frontiers. 0aMedical laws and legislationzUnited States.9128597 0aBioethicszUnited States.9128598 0aMedical jurisprudencezUnited States.912859912aBioethical Issuesxlegislation & jurisprudencezUnited States.912860022aEthics, MedicalzUnited States.912860122aGenetic Engineeringxlegislation & jurisprudencezUnited States.912860222aJurisprudencezUnited States.9128603413Table of contents onlyuhttp://www.loc.gov/catdir/toc/ecip0723/2007030213.html a7bcbccorignewd1eecipf20gy-gencatlg 2ddccBK c613512d613512 00102ddc4070aNLSbNLSd2025-03-28l0o344.73041 SCHpNLS-1651r2025-03-28w2025-03-28yBK